000 01069nam a22003137a 4500
001 BR7900388
003 BR-BrBNA
005 20230928085910.0
007 ta
008 230509b bl.||||| |||| 00| 0 por d
040 _aBR-BrBNA
_bpor
_cBiblioteca Nacional de Agricultura
041 _a(Por)
072 _aH10
_b0230
_b4020
_b/G514
090 _ 0230 BR7900388
100 1 _aBarbosa, J.T.
100 1 _aRiscado, G.M.
100 1 _aLima Filho, M.
110 1 _aPrograma Nacional de Melhoramento da Cana-de-Acucar, Campos, RJ (Brasil). Coordenadoria Regional Leste
_98022
245 1 _aFlutuacao populacional da cigarrinha da cana-de-acucar, Mahanarva posticata Stal, (Homoptera, Cercopidae)e seus inimigos naturais em Campos, em 1977 [Saccharum spp, Rio de Janeiro, Brasil]
260 3 _aCampos, RJ (Brasil):
_c1978.
300 _a10 p.
500 _a4 graphs; 6 ref.; Summaries (Eng, Por)
650 _aCANA DE ACUCAR
650 _aCIGARRINHA
650 _aCAMPOS
650 _aRIO DE JANEIRO
909 _a202309
_bLucia
_c55
_dLucia Elande
942 _cBK
999 _c26915
_d26915